| 000 | 00360nam a2200145Ia 4500 | ||
|---|---|---|---|
| 008 | 150201s1941 xx 000 0 und d | ||
| 082 |
_a80 _bT1941S |
||
| 100 | _aSARABHAI | ||
| 245 | _aTHIN LAYER CHROMATOGRAPHY | ||
| 250 | _a1ST | ||
| 260 |
_bSARABHAI CHEMICALS PUBLICATION _aDELHI _c1941 |
||
| 300 | _a1-144 | ||
| 650 | _aGENERAL DENTISTRY | ||
| 942 |
_2ddc _cBK |
||
| 999 |
_c3235 _d3235 |
||